000 01089nam a2200301Ia 4500
001 Para_388
003 CHAP
008 220125s2001 xx 000 0 und d
010 _a199143
040 _cCHAP
090 _aPA TESIS 1507
100 _aCotoc Roldán, Edgar Miguel
_928570
245 _aControl biológico de la broca del café Hypothenemus hampei (Ferr.) (Coleoptera :
_bScolytidae) con Beauveria bassiana (Bals) Vuill. en la Sierra Norte de Puebla /
_c por Edgar Miguel Cotoc Roldán
260 _aChapingo, Méx. :
_b el autor
300 _a48 h.
502 _aTesis (Ing. Agr. Esp. en Parasitología Agrícola) -- UACh. Departamento Parasitología Agrícola
650 _aCafé
_x enfermedades
_917136
650 _aControl biológico de plagas
_927587
650 _aSthephanoderes hampei
_9164479
710 _aI. UACh. Departamento Parasitología Agrícola
_9164478
901 _aPA TESIS 1507
902 _aA
905 _a0000002001 d 0000000000 00
910 _a2001
942 _cPARA
942 _cPARA
_d1
999 _c199143
_d199143